| 000 | 00620 a2200181 4500 | ||
|---|---|---|---|
| 003 | Nust | ||
| 005 | 20170207153204.0 | ||
| 040 | _cNust | ||
| 082 | _a005.1 | ||
| 100 | _aRashid, Haroon Ur (MSCS-6) | ||
| 245 |
_aA web based online library information system _cMajor Haroon Ur Rashid |
||
| 260 |
_bMCS _cMay 2001 |
||
| 300 | _avii, 109 p. | ||
| 505 | _aIntroduction (page-1), Conceptual model of web based on line system (pag-8), Software tools (page-17), Functions used in the implementation (page-24), Implementation of the system (page-58). | ||
| 538 | _aAlmirah No 73 Shelf No 1 | ||
| 650 | _aMSCS | ||
| 651 | _aMSCS-6 | ||
| 942 | _cTHS | ||
| 999 |
_c181097 _d181097 |
||